Fr. Conceicao Rodrigues College of Engineering

Fox Pro 2 (Record no. 30599)

MARC details
000 -LEADER
fixed length control field 00262nam a2200133Ia 4500
100 ## - MAIN ENTRY--PERSONAL NAME
Personal name Powell/J.E
245 ## - TITLE STATEMENT
Title Fox Pro 2
260 ## - PUBLICATION, DISTRIBUTION, ETC.
Name of publisher, distributor, etc. Galgotia Pub
Place of publication, distribution, etc. New Delhi
Date of publication, distribution, etc. 1993
300 ## - PHYSICAL DESCRIPTION
Extent 411
546 ## - LANGUAGE NOTE
Language note ENGLISH
654 ## - SUBJECT ADDED ENTRY--FACETED TOPICAL TERMS
Focus term Fox Pro 2
942 ## - ADDED ENTRY ELEMENTS (KOHA)
Koha item type BOOK
Holdings
Withdrawn status Lost status Damaged status Not for loan Collection Home library Current library Shelving location Date acquired Cost, normal purchase price Total Checkouts Full call number Barcode Date last seen Cost, replacement price Price effective from Koha item type Source of acquisition Inventory number
        CRC Fr. Agnel's C.Rodrigues College of Engineering Fr. Agnel's C.Rodrigues College of Engineering   17/03/2023 275.00   5288 17/03/2023 275.00 17/03/2023 BOOK    
        CRC Fr. Agnel's C.Rodrigues College of Engineering Fr. Agnel's C.Rodrigues College of Engineering   17/03/2023 275.00   5297 17/03/2023 275.00 17/03/2023 BOOK    
        CRC Fr. Agnel's C.Rodrigues College of Engineering Fr. Agnel's C.Rodrigues College of Engineering   17/03/2023 275.00   5362 17/03/2023 275.00 17/03/2023 BOOK global books 118